[Event "NDVM 2019 U14w"]
[Site "Kiel"]
[Date "2019.09.14"]
[Round "6.9"]
[White "Hellenbroich, Helene"]
[Black "Koepnick, Amanda"]
[Result "0-1"]
[BlackElo "1019"]
[WhiteElo "1105"]
[LiveChessVersion "1.4.8"]

1. e4 {[%clk 1:30:57]} e5 {[%clk 1:30:51]} 2. Bc4 {[%clk 1:31:16]} Nf6
{[%clk 1:30:20]} 3. Nc3 {[%clk 1:31:33]} c6 {[%clk 1:30:05]} 4. Nf3
{[%clk 1:31:47]} d6 {[%clk 1:29:28]} 5. d3 {[%clk 1:31:48]} Bg4 {[%clk 1:29:34]}
6. Bb3 {[%clk 1:31:08]} Na6 {[%clk 1:28:40]} 7. a3 {[%clk 1:29:34]} d5
{[%clk 1:25:31]} 8. Bg5 {[%clk 1:26:48]} Be7 {[%clk 1:25:14]} 9. Bxf6
{[%clk 1:27:01]} Bxf6 {[%clk 1:24:54]} 10. exd5 {[%clk 1:27:24]} O-O
{[%clk 1:20:11]} 11. dxc6 {[%clk 1:25:40]} bxc6 {[%clk 1:20:33]} 12. Qe2
{[%clk 1:24:55]} Nc5 {[%clk 1:15:19]} 13. Bc4 {[%clk 1:24:16]} Qe7
{[%clk 1:11:44]} 14. O-O-O {[%clk 1:23:45]} Rab8 {[%clk 1:08:45]} 15. Qe3
{[%clk 1:19:59]} Bxf3 {[%clk 1:07:55]} 16. gxf3 {[%clk 1:18:42]} Bg5
{[%clk 1:08:13]} 17. f4 {[%clk 1:17:40]} Bxf4 {[%clk 1:08:18]} 18. Qxf4
{[%clk 1:18:04]} exf4 {[%clk 1:08:39]} 19. Rde1 {[%clk 1:18:24]} Qh4
{[%clk 1:07:05]} 20. f3 {[%clk 1:18:24]} Qf2 {[%clk 1:05:35]} 21. Rhg1
{[%clk 1:16:52]} Rbe8 {[%clk 1:04:40]} 22. Ne4 {[%clk 1:17:01]} Nxe4
{[%clk 1:04:05]} 23. dxe4 {[%clk 1:17:24]} Qxf3 {[%clk 1:02:50]} 24. Rgf1
{[%clk 1:17:44]} Qg4 {[%clk 1:02:34]} 25. Rg1 {[%clk 1:18:04]} Qh4
{[%clk 1:02:35]} 26. Re2 {[%clk 1:18:09]} f3 {[%clk 1:02:10]} 0-1

[Event "NDVM 2019 U14w"]
[Site "Kiel"]
[Date "2019.09.14"]
[Round "6.10"]
[White "Janssen, Julika"]
[Black "Alscher, Anouk"]
[Result "1-0"]
[BlackElo "1082"]
[WhiteElo "794"]
[LiveChessVersion "1.4.8"]

1. e4 {[%clk 1:30:57]} e5 {[%clk 1:30:53]} 2. Nf3 {[%clk 1:31:14]} Nc6
{[%clk 1:31:10]} 3. Bc4 {[%clk 1:31:27]} Bc5 {[%clk 1:31:31]} 4. Nc3
{[%clk 1:31:40]} d6 {[%clk 1:31:45]} 5. h3 {[%clk 1:31:52]} Nf6 {[%clk 1:31:56]}
6. d3 {[%clk 1:32:00]} h6 {[%clk 1:32:00]} 7. Nd5 {[%clk 1:32:10]} Be6
{[%clk 1:30:34]} 8. O-O {[%clk 1:32:09]} O-O {[%clk 1:30:15]} 9. Be3
{[%clk 1:31:16]} Bxe3 {[%clk 1:30:03]} 10. fxe3 {[%clk 1:31:26]} a6
{[%clk 1:29:08]} 11. Bb3 {[%clk 1:31:08]} Ne7 {[%clk 1:27:43]} 12. Nxf6+
{[%clk 1:30:01]} gxf6 {[%clk 1:27:32]} 13. Nh4 {[%clk 1:29:22]} Ng6
{[%clk 1:26:28]} 14. Nxg6 {[%clk 1:29:06]} fxg6 {[%clk 1:24:43]} 15. Bxe6+
{[%clk 1:29:03]} Kg7 {[%clk 1:24:02]} 16. Rf3 {[%clk 1:27:59]} Qe7
{[%clk 1:24:02]} 17. Bb3 {[%clk 1:27:31]} c6 {[%clk 1:22:52]} 18. Rg3
{[%clk 1:26:07]} h5 {[%clk 1:22:16]} 19. Qxh5 {[%clk 1:25:55]} g5
{[%clk 1:21:08]} 20. h4 {[%clk 1:25:10]} Rh8 {[%clk 1:21:03]} 21. Qg4
{[%clk 1:24:57]} Kf8 {[%clk 1:17:55]} 22. hxg5 {[%clk 1:24:30]} Qh7
{[%clk 1:17:46]} 23. Kf2 {[%clk 1:24:00]} b5 {[%clk 1:16:21]} 24. Rf3
{[%clk 1:22:45]} Ke8 {[%clk 1:14:42]} 25. Rxf6 {[%clk 1:19:03]} Ra7
{[%clk 1:14:28]} 26. Qe6+ {[%clk 1:18:40]} Qe7 {[%clk 1:14:11]} 27. Qc8+
{[%clk 1:17:24]} Qd8 {[%clk 1:14:13]} 28. Qxc6+ {[%clk 1:15:01]} Ke7
{[%clk 1:13:17]} 29. Re6+ {[%clk 1:13:57]} Kf8 {[%clk 1:13:02]} 30. Rf1
{[%clk 1:12:58]} Rf7+ {[%clk 1:12:58]} 31. Ke2 {[%clk 1:08:27]} Rxf1
{[%clk 1:11:03]} 32. Kxf1 {[%clk 1:08:42]} Rh1+ {[%clk 1:11:19]} 33. Ke2
{[%clk 1:08:37]} Qxg5 {[%clk 1:11:12]} 34. Re8+ {[%clk 1:08:01]} Kg7
{[%clk 1:10:58]} 35. Qd7+ {[%clk 1:07:53]} Kg6 {[%clk 1:10:09]} 36. Rg8+
{[%clk 1:08:05]} Kf6 {[%clk 1:10:09]} 37. Qf7# {[%clk 1:08:09]} 1-0

[Event "NDVM 2019 U14w"]
[Site "Kiel"]
[Date "2019.09.14"]
[Round "6.11"]
[White "Rosin, Ida"]
[Black "Pommerehnke, Marla"]
[Result "1-0"]
[BlackElo "906"]
[WhiteElo "1122"]
[LiveChessVersion "1.4.8"]

1. e4 {[%clk 1:30:58]} e5 {[%clk 1:30:53]} 2. Nf3 {[%clk 1:31:21]} Nc6
{[%clk 1:31:13]} 3. d4 {[%clk 1:31:43]} exd4 {[%clk 1:30:48]} 4. Nxd4
{[%clk 1:32:05]} Bc5 {[%clk 1:30:59]} 5. Be3 {[%clk 1:32:25]} Nf6
{[%clk 1:30:42]} 6. Nxc6 {[%clk 1:32:44]} bxc6 {[%clk 1:30:22]} 7. Bxc5
{[%clk 1:32:59]} Nxe4 {[%clk 1:30:26]} 8. Bd4 {[%clk 1:33:21]} c5
{[%clk 1:29:55]} 9. Bxg7 {[%clk 1:33:39]} Rg8 {[%clk 1:28:50]} 10. Bc3
{[%clk 1:33:16]} Qe7 {[%clk 1:28:13]} 11. Qe2 {[%clk 1:33:06]} d6
{[%clk 1:26:58]} 12. h3 {[%clk 1:33:11]} Bb7 {[%clk 1:25:18]} 13. f3
{[%clk 1:33:00]} Ng3 {[%clk 1:24:12]} 14. Qxe7+ {[%clk 1:33:05]} Kxe7
{[%clk 1:24:27]} 15. Rg1 {[%clk 1:33:18]} Rae8 {[%clk 1:23:56]} 16. Kd1
{[%clk 1:32:16]} Kd8 {[%clk 1:21:14]} 17. Bf6+ {[%clk 1:32:29]} Kc8
{[%clk 1:20:57]} 18. Nc3 {[%clk 1:32:45]} Re6 {[%clk 1:20:19]} 19. Bh4
{[%clk 1:33:03]} Nf5 {[%clk 1:20:09]} 20. Bf2 {[%clk 1:33:18]} Rge8
{[%clk 1:15:46]} 21. Kd2 {[%clk 1:33:02]} Nd4 {[%clk 1:12:11]} 22. Rd1
{[%clk 1:32:27]} Nf5 {[%clk 1:07:45]} 23. Kc1 {[%clk 1:32:33]} Kb8
{[%clk 1:04:49]} 24. g4 {[%clk 1:31:36]} Ng7 {[%clk 1:03:47]} 25. Bg2
{[%clk 1:31:15]} Rf6 {[%clk 0:58:29]} 26. Nd5 {[%clk 1:30:59]} Bxd5
{[%clk 0:58:15]} 27. Rxd5 {[%clk 1:31:20]} Re2 {[%clk 0:57:42]} 28. Rf1
{[%clk 1:31:10]} c6 {[%clk 0:56:03]} 29. Rg5 {[%clk 1:31:15]} Ne6
{[%clk 0:55:51]} 30. Rg8+ {[%clk 1:30:59]} Kc7 {[%clk 0:55:59]} 31. g5
{[%clk 1:30:56]} Rf5 {[%clk 0:56:03]} 32. h4 {[%clk 1:31:04]} Rf4
{[%clk 0:54:59]} 33. Bh3 {[%clk 1:28:49]} Nd4 {[%clk 0:54:41]} 34. Bxd4
{[%clk 1:29:01]} cxd4 {[%clk 0:54:51]} 35. Rc8+ {[%clk 1:29:17]} Kb7
{[%clk 0:54:57]} 36. Rd8 {[%clk 1:29:09]} Rxh4 {[%clk 0:55:03]} 37. Bg4
{[%clk 1:29:09]} Rh3 {[%clk 0:52:33]} 38. Bxh3 {[%clk 1:29:27]} Rh2
{[%clk 0:50:34]} 39. Bc8+ {[%clk 1:29:05]} Kc7 {[%clk 0:50:28]} 40. Rf8
{[%clk 1:26:46]} d5 {[%clk 0:49:18]} 41. Ba6 {[%clk 1:26:49]} Rg2
{[%clk 0:49:13]} 42. Rxf7+ {[%clk 1:26:56]} Kb6 {[%clk 0:48:56]} 43. Bb7
{[%clk 1:27:16]} Rxg5 {[%clk 0:49:01]} 44. Rxh7 {[%clk 1:27:27]} Rg8
{[%clk 0:48:34]} 45. f4 {[%clk 1:26:01]} Rb8 {[%clk 0:48:35]} 46. Bxc6
{[%clk 1:26:17]} Kxc6 {[%clk 0:48:37]} 1-0

[Event "NDVM 2019 U14w"]
[Site "Kiel"]
[Date "2019.09.14"]
[Round "6.12"]
[White "Urban, Mila"]
[Black "Gossing, Marie-Sophie"]
[Result "0-1"]
[BlackElo "1120"]
[WhiteElo "787"]
[LiveChessVersion "1.4.8"]

1. e4 {[%clk 1:30:58]} e5 {[%clk 1:29:54]} 2. Nf3 {[%clk 1:31:13]} Nf6
{[%clk 1:29:55]} 3. Nc3 {[%clk 1:31:23]} Nc6 {[%clk 1:30:02]} 4. Bc4
{[%clk 1:31:21]} d6 {[%clk 1:29:57]} 5. h3 {[%clk 1:31:13]} Be6 {[%clk 1:29:16]}
6. d3 {[%clk 1:30:05]} d5 {[%clk 1:28:43]} 7. exd5 {[%clk 1:29:13]} Bxd5
{[%clk 1:28:23]} 8. O-O {[%clk 1:28:27]} Bxc4 {[%clk 1:26:18]} 9. dxc4
{[%clk 1:27:57]} Qxd1 {[%clk 1:26:42]} 10. Rxd1 {[%clk 1:28:09]} Bd6
{[%clk 1:26:18]} 11. Be3 {[%clk 1:25:47]} O-O-O {[%clk 1:25:06]} 12. Nb5
{[%clk 1:25:22]} b6 {[%clk 1:24:29]} 13. Ng5 {[%clk 1:22:26]} Rhf8
{[%clk 1:21:42]} 14. a3 {[%clk 1:19:48]} h6 {[%clk 1:21:23]} 15. Nf3
{[%clk 1:19:27]} a6 {[%clk 1:20:24]} 16. Nc3 {[%clk 1:19:04]} e4 {[%clk 1:19:30]}
17. Nd2 {[%clk 1:18:36]} Rde8 {[%clk 1:18:33]} 18. b4 {[%clk 1:18:03]} Be5
{[%clk 1:17:03]} 19. Ndb1 {[%clk 1:17:43]} g5 {[%clk 1:16:53]} 20. Ra2
{[%clk 1:17:39]} Bf4 21. Bd2 {[%clk 1:14:23]} Rd8 {[%clk 1:16:31]} 22. c5
{[%clk 1:11:40]} Nd5 {[%clk 1:15:10]} 23. Bxf4 {[%clk 1:10:45]} Nxf4
{[%clk 1:13:45]} 24. Re1 {[%clk 1:10:41]} f5 {[%clk 1:12:52]} 25. cxb6
{[%clk 1:10:34]} cxb6 {[%clk 1:12:18]} 26. Na4 {[%clk 1:09:51]} Kb7
{[%clk 1:11:11]} 27. Rb2 {[%clk 1:09:39]} Nd4 {[%clk 1:08:54]} 28. Nbc3
{[%clk 1:09:19]} Rg8 {[%clk 1:07:23]} 29. f3 {[%clk 1:05:52]} g4 {[%clk 1:06:32]}
30. hxg4 {[%clk 1:04:54]} Rc8 {[%clk 1:01:41]} 31. gxf5 {[%clk 1:03:12]} Nxf3+
{[%clk 1:01:48]} 32. Kf1 {[%clk 1:02:34]} Nxe1 {[%clk 0:59:17]} 33. Kxe1
{[%clk 1:02:04]} Nxg2+ {[%clk 0:58:31]} 34. Kf1 {[%clk 1:02:06]} e3
{[%clk 0:57:03]} 35. b5 {[%clk 1:01:58]} a5 {[%clk 0:56:06]} 36. Rb1
{[%clk 1:00:53]} Rce8 {[%clk 0:56:00]} 37. Ne2 {[%clk 1:00:12]} h5
{[%clk 0:55:08]} 38. Kg1 {[%clk 1:00:10]} Nf4+ {[%clk 0:55:06]} 39. Ng3
{[%clk 0:59:41]} Rxg3+ {[%clk 0:55:11]} 40. Kf1 {[%clk 0:59:44]} e2+
{[%clk 0:55:35]} 41. Ke1 {[%clk 0:59:31]} Rg1+ {[%clk 0:55:45]} 42. Kd2
{[%clk 0:59:34]} Rxb1 {[%clk 0:56:03]} 43. Kc3 {[%clk 0:59:21]} e1=Q+
{[%clk 0:56:23]} 44. Kc4 {[%clk 0:59:24]} Rc8+ {[%clk 0:56:38]} 45. Kd5
{[%clk 0:59:32]} Rd1# {[%clk 0:57:04]} 0-1

[Event "SV Ruedersdorf-SC Weisse Dame Berlin"]
[Site "Kiel"]
[Date "2019.09.14"]
[Round "6.1"]
[White "Fayngold, Sophie Olivia"]
[Black "Heuberger, Sandra"]
[Result "1-0"]
[WhiteElo "1581"]
[BlackElo "1142"]
[Annotator "Rnd./Pair./Board: 06.004.01"]
[PlyCount "127"]
[EventDate "2019.??.??"]
[WhiteTeam "SC Weisse Dame Berlin"]
[BlackTeam "SV Ruedersdorf"]

1. e4 e5 2. Nf3 Nc6 3. Bc4 Nf6 4. d3 d5 5. exd5 Nxd5 6. Bd2 Be7 7. Nc3 Be6 8.
Qe2 Bf6 9. O-O-O O-O 10. h3 a6 11. Bb3 b5 12. Ne4 Be7 13. Nfg5 Na5 14. Bxa5
Bxg5+ 15. Nxg5 Qxg5+ 16. Kb1 c6 17. Bd2 Qe7 18. Qxe5 f6 19. Qe2 a5 20. c4 Nc7
21. cxb5 cxb5 22. Rhe1 Rfe8 23. Rc1 Ra6 24. Bxe6+ Rxe6 25. Qf1 a4 26. Rxe6 Nxe6
27. Re1 a3 28. b3 Qd6 29. f4 Qd4 30. Bc1 Kf7 31. Re4 Qc3 32. Qe2 Nd4 33. Qd2
Qxd2 34. Bxd2 Rxe4 35. dxe4 Ne2 36. Bc1 b4 37. Bd2 h6 38. Kc2 Nd4+ 39. Kd3 Ne6
40. f5 Nc5+ 41. Ke3 g6 42. Bxb4 Nd7 43. Bxa3 gxf5 44. exf5 Ne5 45. Bd6 Nc6 46.
b4 Ne7 47. Bxe7 Kxe7 48. Kd4 Kd6 49. b5 Kc7 50. Kd5 Kb6 51. Ke6 Kxb5 52. Kxf6
Kb4 53. Ke7 Ka3 54. f6 Kxa2 55. f7 h5 56. f8=Q h4 57. Qb8 Ka3 58. Qb5 Ka2 59.
Qb4 Ka1 60. Kd6 Ka2 61. Kd5 Ka1 62. Kc4 Ka2 63. Kc3 Ka1 64. Qb2# 1-0

[Event "SV Ruedersdorf-SC Weisse Dame Berlin"]
[Site "Kiel"]
[Date "2019.09.14"]
[Round "6.2"]
[White "Kostova, Viktoria"]
[Black "Gehrke, Gina Celina"]
[Result "0-1"]
[WhiteElo "974"]
[BlackElo "1543"]
[Annotator "Rnd./Pair./Board: 06.004.02"]
[PlyCount "86"]
[EventDate "2019.??.??"]
[WhiteTeam "SV Ruedersdorf"]
[BlackTeam "SC Weisse Dame Berlin"]

1. e4 c5 2. Bc4 g6 3. d3 Bg7 4. Nf3 Nc6 5. Nc3 a6 6. Bf4 b5 7. Bd5 Nf6 8. Ne5
Nxd5 9. Nxd5 Bxe5 10. Bg5 Bxb2 11. Rb1 Bg7 12. O-O f6 13. Bf4 d6 14. c4 b4 15.
a3 a5 16. Qa4 Bd7 17. Qb5 Nd4 18. Qb7 Rc8 19. Be3 Bc6 20. Qa6 Ra8 21. Qb6 Qxb6
22. Nxb6 Rb8 23. Nd5 Bxd5 24. exd5 f5 25. Bg5 Bf6 26. Bh6 Kf7 27. Rfe1 Nc2 28.
Re2 Nxa3 29. Rbe1 Rb7 30. Rb2 Bxb2 31. Re6 Be5 32. g3 b3 33. Bc1 b2 34. Bxb2
Rxb2 35. Kg2 Rd2 36. Kh3 Rxf2 37. d4 Bxd4 38. Re1 Nxc4 39. Rc1 Ne3 40. Rg1 Rb8
41. g4 fxg4+ 42. Kg3 Rf3+ 43. Kh4 Bf6# 0-1

[Event "SV Ruedersdorf-SC Weisse Dame Berlin"]
[Site "Kiel"]
[Date "2019.09.14"]
[Round "6.3"]
[White "Liu, Shandy"]
[Black "Wennin, Elisabeth"]
[Result "1-0"]
[WhiteElo "929"]
[BlackElo "889"]
[Annotator "Rnd./Pair./Board: 06.004.03"]
[PlyCount "75"]
[EventDate "2019.??.??"]
[WhiteTeam "SC Weisse Dame Berlin"]
[BlackTeam "SV Ruedersdorf"]

1. e4 e5 2. Nf3 Nc6 3. Bc4 Nf6 4. Nc3 Bc5 5. d3 h6 6. Be3 Bb6 7. O-O d6 8. h3
Be6 9. Bb3 O-O 10. d4 exd4 11. Nxd4 Nxd4 12. Bxd4 c5 13. Bxf6 Qxf6 14. Qxd6
Rad8 15. Qg3 c4 16. Ba4 Bd4 17. Qc7 Qg6 18. Kh2 f5 19. e5 Bb6 20. Qxb7 Bd5 21.
Nxd5 Rde8 22. Bxe8 Rxe8 23. Ne7+ Rxe7 24. Qxe7 f4 25. f3 Qg3+ 26. Kh1 Bd4 27.
Qd8+ Kh7 28. Qxd4 Qg5 29. Qe4+ Kh8 30. e6 Qe7 31. Qxc4 Qe8 32. Rfe1 a5 33. e7
a4 34. Rad1 Qxe7 35. Rxe7 a3 36. Re8+ Kh7 37. Qe4+ g6 38. Qe7# 1-0

[Event "SV Ruedersdorf-SC Weisse Dame Berlin"]
[Site "Kiel"]
[Date "2019.09.14"]
[Round "6.4"]
[White "Dewitz, Leila"]
[Black "Kahlaee Semnani, Barin"]
[Result "0-1"]
[WhiteElo "940"]
[BlackElo "780"]
[Annotator "Rnd./Pair./Board: 06.004.04"]
[PlyCount "78"]
[EventDate "2019.??.??"]
[WhiteTeam "SV Ruedersdorf"]
[BlackTeam "SC Weisse Dame Berlin"]

1. e4 e5 2. Nf3 Nc6 3. Bc4 Bc5 4. c3 Nf6 5. d4 exd4 6. cxd4 Bb4+ 7. Bd2 Bd6 8.
O-O O-O 9. e5 Be7 10. exf6 Bxf6 11. Nc3 d6 12. h3 Re8 13. Be3 Be6 14. d5 Bxh3
15. gxh3 Ne7 16. Nd4 Qd7 17. Qg4 Qd8 18. Ne4 Be5 19. Nf6+ Bxf6 20. Bd3 Nxd5 21.
Bf4 Nxf4 22. Qxf4 Be5 23. Qe3 Bh2+ 24. Kxh2 Rxe3 25. fxe3 Qe7 26. Nf5 Qe5+ 27.
Kg1 Qxb2 28. Rab1 Qxa2 29. Rxb7 g6 30. Ne7+ Kg7 31. Rxc7 Rb8 32. Nc6 Rb2 33.
Rfxf7+ Kh6 34. Rxh7+ Kg5 35. Rhf7 Rg2+ 36. Kf1 Rh2 37. Nd4 Qa1+ 38. Bb1 Qxb1+
39. Rc1 Qxc1# 0-1

[Event "Elmshorner SC-Hamburger SK"]
[Site "Kiel"]
[Date "2019.09.14"]
[Round "6.1"]
[White "Hubert, Charlotte"]
[Black "Margaryan, Susanna"]
[Result "1-0"]
[WhiteElo "1574"]
[BlackElo "1231"]
[Annotator "Rnd./Pair./Board: 06.005.01"]
[PlyCount "67"]
[EventDate "2019.??.??"]
[WhiteTeam "Hamburger SK"]
[BlackTeam "Elmshorner SC"]

1. e4 d5 2. exd5 Qxd5 3. Nc3 Qa5 4. d4 c6 5. Nf3 Bf5 6. Bc4 Nf6 7. O-O e6 8.
Re1 Nbd7 9. Bd2 h6 10. Qe2 Bxc2 11. Rac1 Bg6 12. a3 Bh5 13. b4 Qc7 14. d5 cxd5
15. Bxd5 Bd6 16. h3 Nb6 17. Nb5 Qd8 18. Bxb7 Rb8 19. Bc6+ Ke7 20. Red1 a6 21.
Bf4 Nc8 22. Nxd6 Nxd6 23. Bxd6+ Qxd6 24. Rxd6 Kxd6 25. Qe5+ Ke7 26. Qc7+ Nd7
27. Qxd7+ Kf6 28. Qd4+ Kg6 29. g4 Rhd8 30. gxh5+ Kh7 31. Qe4+ Kg8 32. Kh2 Rd6
33. Rg1 f5 34. Qe5 1-0

[Event "Elmshorner SC-Hamburger SK"]
[Site "Kiel"]
[Date "2019.09.14"]
[Round "6.2"]
[White "Neitzel, Emma"]
[Black "Wartenberg, Alissa"]
[Result "0-1"]
[WhiteElo "803"]
[BlackElo "1350"]
[Annotator "Rnd./Pair./Board: 06.005.02"]
[PlyCount "106"]
[EventDate "2019.??.??"]
[WhiteTeam "Elmshorner SC"]
[BlackTeam "Hamburger SK"]

1. e4 e5 2. Nf3 Nc6 3. Bc4 Nf6 4. Ng5 d5 5. exd5 Na5 6. d3 Nxc4 7. dxc4 h6 8.
Nf3 Bg4 9. h3 Bh5 10. O-O e4 11. Nbd2 exf3 12. Nxf3 Be7 13. Qd3 Bxf3 14. Qxf3
O-O 15. Qg3 Bd6 16. Qf3 Re8 17. Bf4 Bxf4 18. Qxf4 Re4 19. Qd2 Rxc4 20. b3 Re4
21. c4 c6 22. Rfd1 cxd5 23. cxd5 Qd6 24. Rac1 Rd8 25. a4 Qxd5 26. Qxd5 Rxd5 27.
Rc8+ Kh7 28. Rxd5 Nxd5 29. Rd8 Nf6 30. Rb8 Rb4 31. a5 a6 32. g4 Rxb3 33. Kg2
Rb5 34. f4 Rxa5 35. Rxb7 Ra2+ 36. Kg3 a5 37. Rxf7 a4 38. g5 hxg5 39. fxg5 Ne4+
40. Kg4 Rg2+ 41. Kf5 Rf2+ 42. Kxe4 Rxf7 43. Kd3 Rb7 44. h4 a3 45. h5 a2 46. g6+
Kh6 47. Ke3 a1=Q 48. Kf4 Re7 49. Kf5 Qf6+ 50. Kg4 Re5 51. Kg3 Rg5+ 52. Kh4 Qf4+
53. Kh3 Qg3# 0-1

[Event "Elmshorner SC-Hamburger SK"]
[Site "Kiel"]
[Date "2019.09.14"]
[Round "6.3"]
[White "Wu, Yvonne Yihan"]
[Black "Klein, Isabel"]
[Result "1-0"]
[WhiteElo "1099"]
[BlackElo "800"]
[Annotator "Rnd./Pair./Board: 06.005.03"]
[PlyCount "85"]
[EventDate "2019.??.??"]
[WhiteTeam "Hamburger SK"]
[BlackTeam "Elmshorner SC"]

1. e4 e5 2. Bc4 Bc5 3. Nf3 Nc6 4. b4 Nxb4 5. c3 Nc6 6. d4 exd4 7. O-O d6 8. Ng5
d5 9. exd5 Na5 10. Qa4+ c6 11. dxc6 bxc6 12. Nxf7 Qc7 13. Nxh8 Nxc4 14. Qxc4
Qe5 15. Qxg8+ Ke7 16. Qf7+ Kd8 17. Bf4 Qe7 18. Qxe7+ Kxe7 19. Re1+ Be6 20. c4
Rxh8 21. Nd2 Rf8 22. Bg3 h6 23. Re4 Bb4 24. Nb3 c5 25. a3 Bc3 26. Rd1 g5 27.
Nxc5 Rf6 28. Nxe6 Kf7 29. Nxd4 Bb2 30. c5 Bxa3 31. c6 Bd6 32. c7 Bxc7 33. Bxc7
h5 34. Nb5 h4 35. Rd3 Kg6 36. Rf3 Rc6 37. Kf1 a6 38. Nd4 Rxc7 39. Re6+ Kh5 40.
g4+ Kxg4 41. Rh6 Rc1+ 42. Kg2 Rc4 43. h3# 1-0

[Event "Elmshorner SC-Hamburger SK"]
[Site "Kiel"]
[Date "2019.09.14"]
[Round "6.4"]
[White "Margaryan, Sofia"]
[Black "Krasikova, Milana"]
[Result "0-1"]
[WhiteElo "800"]
[BlackElo "1060"]
[Annotator "Rnd./Pair./Board: 06.005.04"]
[PlyCount "88"]
[EventDate "2019.??.??"]
[WhiteTeam "Elmshorner SC"]
[BlackTeam "Hamburger SK"]

1. e4 e5 2. Nf3 Nc6 3. Bc4 h6 4. d3 Nf6 5. Nc3 Bb4 6. a3 Ba5 7. b4 Bb6 8. Qe2
d6 9. h3 Bd4 10. Bb2 a6 11. Nd1 Bxb2 12. Nxb2 b5 13. Bd5 Nxd5 14. exd5 Ne7 15.
c4 bxc4 16. dxc4 Bb7 17. c5 Nxd5 18. cxd6 cxd6 19. b5 Nc3 20. Qc2 Nxb5 21. Qd1
Rc8 22. Rc1 Rxc1 23. Qxc1 Nxa3 24. Nc4 Nxc4 25. Qxc4 Qa5+ 26. Nd2 Qa1+ 27. Ke2
Qxh1 28. Qa4+ Ke7 29. Qc4 Qxg2 30. Qc7+ Ke6 31. Qc4+ d5 32. Qb3 Rb8 33. Qb6+
Kd7 34. Qa7 Kc7 35. Qc5+ Bc6 36. Qa7+ Rb7 37. Qxa6 Bb5+ 38. Qxb5 Rxb5 39. h4
Qg4+ 40. Nf3 Rb3 41. Kd2 Qxf3 42. Kc2 Qc3+ 43. Kd1 Rb2 44. f3 Qd2# 0-1